[Event "Pardubice Czech op-B 30th"]
[Site "Pardubice"]
[Date "2019.07.27"]
[Round "9"]
[White "Anatskiy, Alexey"]
[Black "Pizzuto, Samuele Tullio"]
[Result "1-0"]
[WhiteElo "1934"]
[BlackElo "2092"]
[PlyCount "101"]
[EventDate "2019.07.19"]
[EventType "swiss"]
[EventRounds "9"]
[EventCountry "CZE"]
[SourceTitle "EXT 2020"]
[Source "ChessBase"]
[SourceDate "2019.10.17"]
[SourceVersion "1"]
[SourceVersionDate "2019.10.17"]
[SourceQuality "1"]

1. d4 d5 2. Bg5 Nc6 3. e3 f6 4. Bf4 e5 5. Bg3 Be6 6. Bb5 e4 7. Nd2 Nge7 8. c4 Qd7 9. Ne2 a6 10. Ba4 f5 11. cxd5 Nxd5 12. a3 Bd6 13. Rc1 b5 14. Bb3 Na5 15. Nc3 Nxb3 16. Nxb3 Nxc3 17. Rxc3 Bc4 18. Na5 Bd5 19. Bxd6 cxd6 20. Qc2 0-0 21. 0-0 f4 22. exf4 Rxf4 23. Qd2 Raf8 24. Re3 Qf5 25. Qc2 Qf6 26. Qd2 Rh4 27. Rg3 Rf4 28. Re3 Rc8 29. Rc3 Rf8 30. Re3 h6 31. Rg3 h5 32. Re3 h4 33. h3 Qg5 34. Kh1 R8f6 35. Qc2 Rg6 36. Rg1 Qf6 37. Nc6 Kh7 38. Nb4 Bc4 39. Rxe4 Rxf2 40. Qd1 Rf4 41. Rxf4 Qxf4 42. b3 Be6 43. d5 Bf5 44. Qh5+ Rh6 45. Qe2 a5 46. Nc6 b4 47. axb4 axb4 48. Rf1 Qg5 49. Ne7 Bg6 50. Qe6 Rh5 51. Rf8 1-0

[Event "Pardubice Czech op-B 29th"]
[Site "Pardubice"]
[Date "2018.07.23"]
[Round "4"]
[White "Anatskiy, Alexey"]
[Black "Bonaposta, Fabrizio"]
[Result "0-1"]
[WhiteElo "1993"]
[BlackElo "2055"]
[PlyCount "81"]
[EventDate "2018.07.20"]
[EventType "swiss"]
[EventRounds "9"]
[EventCountry "CZE"]
[SourceTitle "CBM 186 Extra"]
[Source "ChessBase"]
[SourceDate "2018.08.24"]
[SourceVersion "1"]
[SourceVersionDate "2018.08.24"]
[SourceQuality "1"]

1. d4 Nf6 2. Bg5 e6 3. e4 h6 4. Bxf6 Qxf6 5. Qd2 c5 6. e5 Qd8 7. Nf3 Nc6 8. d5 exd5 9. Qxd5 Qb6 10. Qb3 d5 11. Nc3 Be6 12. Qxb6 axb6 13. Nb5 Kd7 14. a3 g5 15. 0-0-0 g4 16. Ne1 Nxe5 17. Nc3 d4 18. Ne4 Kc7 19. Nd3 Nxd3+ 20. Bxd3 Bg7 21. Ng3 c4 22. Nf5 Bf6 23. Be4 Rhd8 24. h3 gxh3 25. Rxh3 Ra5 26. g4 c3 27. bxc3 Rxa3 28. Kd2 dxc3+ 29. Ke2 Rxd1 30. Kxd1 b5 31. Rxh6 Be5 32. Ne3 Bf4 33. Rh7 Bxe3 34. fxe3 Bxg4+ 35. Ke1 Be6 36. Bg6 Bc4 37. Kf2 Ra6 38. Be4 Rf6+ 39. Kg3 b4 40. Rh5 b6 41. Rh1 0-1

[Event "Pardubice Czech op-B 29th"]
[Site "Pardubice"]
[Date "2018.07.22"]
[Round "3"]
[White "Gramb, Marius"]
[Black "Anatskiy, Alexey"]
[Result "1/2-1/2"]
[WhiteElo "2123"]
[BlackElo "1993"]
[PlyCount "189"]
[EventDate "2018.07.20"]
[EventType "swiss"]
[EventRounds "9"]
[EventCountry "CZE"]
[SourceTitle "CBM 186 Extra"]
[Source "ChessBase"]
[SourceDate "2018.08.24"]
[SourceVersion "1"]
[SourceVersionDate "2018.08.24"]
[SourceQuality "1"]

1. e4 c6 2. d4 d5 3. e5 Bf5 4. Nf3 e6 5. Be2 Nd7 6. 0-0 Ne7 7. Nbd2 Bg4 8. Nb3 Nf5 9. Be3 Be7 10. Qd2 Rc8 11. h3 Bxf3 12. Bxf3 Nb6 13. Qe2 Nc4 14. Bc1 Bg5 15. c3 Bxc1 16. Raxc1 Qg5 17. Bg4 h5 18. Bxf5 Qxf5 19. Nc5 Rb8 20. b3 Nb6 21. Rfd1 g5 22. Qd3 Qxd3 23. Rxd3 Nd7 24. Rg3 Nxc5 25. dxc5 Rg8 26. h4 g4 27. f3 b6 28. cxb6 Rxb6 29. fxg4 hxg4 30. Rf1 Ra6 31. Rf4 Rxa2 32. Rfxg4 Rxg4 33. Rxg4 Ra1+ 34. Kh2 Rf1 35. Rg8+ Ke7 36. g4 f6 37. Rg7+ Kf8 38. exf6 Rxf6 39. Rxa7 Rf3 40. h5 e5 41. h6 Kg8 42. Rg7+ Kh8 43. Kg2 e4 44. g5 Rf5 45. b4 e3 46. Re7 Rxg5+ 47. Kf3 d4 48. cxd4 Rb5 49. Kxe3 Rxb4 50. Rc7 Rc4 51. Ke4 Rc1 52. Ke5 Re1+ 53. Kd6 Rd1 54. Kc5 Rc1+ 55. Kb6 Rc4 56. Rd7 Kg8 57. Kc7 Kh8 58. Kd8 Rc1 59. Ke8 Rc2 60. Kd8 Rc4 61. Kc7 Kg8 62. Kb6 Kh8 63. Ka5 Kg8 64. Kb6 Kh8 65. h7 Rc1 66. Rd6 Rc4 67. Rd7 Rc1 68. Ka6 Rc2 69. Ka5 Rc4 70. Kb6 Rc1 71. Kc7 Rc2 72. Kd6 Rc4 73. Ke5 Rc1 74. Rf7 Re1+ 75. Kd6 Rc1 76. Ra7 Rc4 77. Ke5 Rc1 78. Ra5 Re1+ 79. Kd6 Rd1 80. Ra4 Rc1 81. Ke5 Kxh7 82. Ra5 Re1+ 83. Kf5 Rd1 84. Ke4 Re1+ 85. Kd3 Rd1+ 86. Kc3 Kg7 87. Ra4 Kf7 88. Kc2 Rg1 89. Ra6 Rg6 90. Kc3 Ke7 91. Kc4 Kd6 92. Ra8 Rg1 93. Rd8+ Kc7 94. Rh8 Rc1+ 95. Kd3 1/2-1/2

[Event "Prague Summer op-B 4th"]
[Site "Prague"]
[Date "2017.08.04"]
[Round "1"]
[White "Husa, Daniel"]
[Black "Anatskiy, Alexey"]
[Result "0-1"]
[WhiteElo "1581"]
[BlackElo "1975"]
[PlyCount "92"]
[EventDate "2017.08.04"]
[EventType "swiss"]
[EventRounds "9"]
[EventCountry "CZE"]
[SourceTitle "EXT 2019"]
[Source "ChessBase"]
[SourceDate "2018.10.10"]
[SourceVersion "1"]
[SourceVersionDate "2018.10.10"]
[SourceQuality "1"]

1. Nf3 d5 2. g3 c6 3. Bg2 g6 4. 0-0 Bg7 5. d3 Bg4 6. Nbd2 Nd7 7. e4 e6 8. h3 Bxf3 9. Nxf3 Ne7 10. c3 0-0 11. Qc2 Qc7 12. Be3 Rfe8 13. Rfe1 b6 14. Rad1 Rac8 15. Nd2 h5 16. f4 Bh6 17. Nf3 e5 18. fxe5 Bxe3+ 19. Rxe3 Nxe5 20. Nxe5 Qxe5 21. d4 Qg5 22. Qf2 Nf5 23. Ree1 Nxg3 24. exd5 cxd5 25. Kh2 Ne4 26. Bxe4 Rxe4 27. Rxe4 dxe4 28. Rg1 Qe7 29. Qf5 Qd6+ 30. Kh1 Re8 31. Qxh5 e3 32. Qe2 Qd5+ 33. Kh2 Qxa2 34. Rg3 Qe6 35. Kg2 Qe4+ 36. Kh2 Kg7 37. Rg4 Qe6 38. Kg2 f5 39. Rg3 f4 40. Rf3 Qe4 41. Kh2 Qxf3 42. Qxf3 e2 43. Qb7+ Kh6 44. Qf7 e1Q 45. Qxf4+ Kg7 46. Qc7+ Re7 0-1

[Event "Pardubice Czech op-C 28th"]
[Site "Pardubice"]
[Date "2017.07.28"]
[Round "8"]
[White "Anatskiy, Alexey"]
[Black "Bruell, Elias"]
[Result "1-0"]
[WhiteElo "1984"]
[BlackElo "1710"]
[PlyCount "145"]
[EventDate "2017.07.22"]
[EventType "swiss"]
[EventRounds "9"]
[EventCountry "CZE"]
[SourceTitle "CBM 179 Extra"]
[Source "ChessBase"]
[SourceDate "2017.08.23"]
[SourceVersion "1"]
[SourceVersionDate "2017.08.23"]
[SourceQuality "1"]

1. d4 Nf6 2. Bg5 c5 3. Bxf6 exf6 4. dxc5 Bxc5 5. e3 Qb6 6. Qc1 d5 7. c3 0-0 8. Be2 Nc6 9. Nd2 f5 10. Nb3 Be7 11. Nf3 Be6 12. 0-0 Bf6 13. Rd1 Rac8 14. Nbd4 Ne5 15. Nxe5 Bxe5 16. Nf3 Bf6 17. Qd2 Rfd8 18. Rab1 a6 19. Nd4 Qc7 20. g3 Rd7 21. a3 g6 22. Qc2 Qc5 23. Rd2 Bg7 24. Qd1 Rcd8 25. Qf1 Qd6 26. Rbd1 Qb6 27. Rb1 Qc7 28. Qg2 Bf6 29. h4 h5 30. Bf3 Kh7 31. Ne2 Be5 32. Rbd1 Qc4 33. Nc1 b5 34. Nd3 Bd6 35. Nb4 Bxb4 36. axb4 Rd6 37. Ra1 Qc7 38. Rd4 Qb7 39. Rad1 Qc6 40. R1d3 Qb7 41. Qf1 Kg7 42. Qe1 Qc6 43. Qd2 R8d7 44. b3 Qc7 45. Qd1 Rc6 46. Qa1 Kh7 47. Kh2 Qc8 48. Qb2 Rdc7 49. Bxd5 Bxd5 50. Rxd5 Qe6 51. Rd8 Qf6 52. R8d4 Qe5 53. Qc2 Qe6 54. Qb2 Qf6 55. Qd2 Qe6 56. Rd8 Qxb3 57. Ra8 Rxc3 58. Rxc3 Qxc3 59. Qd8 Qc2 60. Kg2 Qc3 61. Rxa6 Rc8 62. Qd7 Qc4 63. Ra7 Qe4+ 64. Kh2 Qc4 65. Qxf7+ Qxf7 66. Rxf7+ Kh6 67. Rb7 g5 68. Rb6+ Kg7 69. hxg5 Rc4 70. Rxb5 Kg6 71. f4 Rc2+ 72. Kh3 h4 73. Rb6+ 1-0

[Event "Pardubice Czech op-C 28th"]
[Site "Pardubice"]
[Date "2017.07.26"]
[Round "6"]
[White "Anatskiy, Alexey"]
[Black "Bargsten, Justus"]
[Result "1-0"]
[WhiteElo "1984"]
[BlackElo "1784"]
[PlyCount "101"]
[EventDate "2017.07.22"]
[EventType "swiss"]
[EventRounds "9"]
[EventCountry "CZE"]
[SourceTitle "CBM 179 Extra"]
[Source "ChessBase"]
[SourceDate "2017.08.23"]
[SourceVersion "1"]
[SourceVersionDate "2017.08.23"]
[SourceQuality "1"]

1. d4 Nf6 2. Bg5 d5 3. Bxf6 gxf6 4. e3 c5 5. c3 Qb6 6. Qb3 e5 7. Qxb6 axb6 8. Na3 c4 9. Nc2 Bf5 10. Kd2 Nc6 11. a3 h5 12. h4 Bh6 13. Ne2 Ke7 14. Ng3 Bg6 15. Be2 Bf8 16. f4 Bh6 17. Raf1 Rag8 18. Rh3 Rg7 19. fxe5 fxe5 20. Nf5+ Bxf5 21. Rxf5 Rxg2 22. dxe5 Bg7 23. Ne1 Ke6 24. Rf1 Rg6 25. e4 Bh6+ 26. Kc2 dxe4 27. Bxc4+ Kxe5 28. Bxf7 Rd6 29. Rh2 Bf4 30. Rhf2 Rf6 31. Ng2 Rxf7 32. Nxf4 Rf6 33. b4 Ne7 34. Kb3 Nf5 35. Ng6+ Rxg6 36. Rxf5+ Kd6 37. Rb5 Ke7 38. Re1 Re6 39. Rf5 Rf8 40. Rxf8 Kxf8 41. Kc4 Kf7 42. Kd5 b5 43. Rxe4 Ra6 44. Re5 Rxa3 45. Kd4 Kg6 46. Rg5+ Kh6 47. Rxb5 Ra1 48. Rb6+ Kg7 49. Rxb7+ Kf6 50. Rb5 Kg6 51. Rg5+ 1-0

[Event "Prague Summer op 1st"]
[Site "Prague"]
[Date "2014.08.12"]
[Round "4"]
[White "Bartos, Jan"]
[Black "Anatskiy, Alexey"]
[Result "1-0"]
[WhiteElo "2260"]
[BlackElo "2004"]
[PlyCount "73"]
[EventDate "2014.08.09"]
[EventType "swiss"]
[EventRounds "9"]
[EventCountry "CZE"]
[SourceTitle "CBM 162 Extra"]
[Source "ChessBase"]
[SourceDate "2014.10.17"]
[SourceVersion "1"]
[SourceVersionDate "2014.10.17"]
[SourceQuality "1"]

1. d4 d5 2. c4 c6 3. e3 Nf6 4. Nc3 a6 5. Nf3 Bg4 6. b3 e6 7. Be2 Nbd7 8. 0-0 Bd6 9. Bb2 0-0 10. h3 Bh5 11. Ne5 Bxe2 12. Nxe2 Qc7 13. Nxd7 Qxd7 14. Nc3 b5 15. Qe2 Rfe8 16. Rfd1 Rab8 17. Rab1 h6 18. Ba1 Bc7 19. e4 dxe4 20. Nxe4 Nxe4 21. Qxe4 Qd6 22. g3 Rbd8 23. Rbc1 b4 24. Qe2 Qe7 25. Rd3 Qg5 26. Rcd1 a5 27. Qe4 Rd6 28. Bb2 Red8 29. Bc1 Qh5 30. Bf4 f5 31. Qe3 e5 32. Qxe5 g5 33. Qxf5 Rf8 34. Qc5 Rdf6 35. Bxc7 Rxf2 36. Qxc6 Qxh3 37. Qd5+ 1-0

[Event "Olomouc op 17th"]
[Site "Olomouc"]
[Date "2014.08.01"]
[Round "2"]
[White "Anatskiy, Alexey"]
[Black "Menezes, Christoph"]
[Result "0-1"]
[WhiteElo "2009"]
[BlackElo "2253"]
[PlyCount "72"]
[EventDate "2014.07.31"]
[EventType "swiss"]
[EventRounds "9"]
[EventCountry "CZE"]
[SourceTitle "CBM 161 Extra"]
[Source "ChessBase"]
[SourceDate "2014.08.29"]
[SourceVersion "1"]
[SourceVersionDate "2014.08.29"]
[SourceQuality "1"]

1. d4 Nf6 2. Bg5 Ne4 3. Bf4 c5 4. f3 Qa5+ 5. c3 Nf6 6. Nd2 cxd4 7. Nb3 Qf5 8. Bxb8 Rxb8 9. Nxd4 Qc5 10. e4 g6 11. Nge2 Bh6 12. Nb3 Qc7 13. Ned4 a6 14. Bd3 0-0 15. 0-0 d5 16. Qe2 e5 17. Nc2 Be6 18. Kh1 Rbd8 19. Ne3 Rfe8 20. exd5 Nxd5 21. Nxd5 Bxd5 22. Rad1 f5 23. c4 Bf7 24. Qc2 Kh8 25. c5 Bd5 26. Nd2 Qe7 27. Rfe1 Bf4 28. b4 Bc6 29. a4 Bxh2 30. Kxh2 Qh4+ 31. Kg1 Qd4+ 32. Kf1 Qxd3+ 33. Qxd3 Rxd3 34. Nc4 Rxd1 35. Rxd1 Bxa4 36. Na5 Bxd1 0-1

[Event "Pardubice Chladek&Tintera op"]
[Site "Pardubice"]
[Date "2014.07.17"]
[Round "6"]
[White "Anatskiy, Alexey"]
[Black "Ponomarchuk, Anastasia"]
[Result "1-0"]
[WhiteElo "1990"]
[BlackElo "1759"]
[PlyCount "83"]
[EventDate "2014.07.16"]
[EventType "swiss (rapid)"]
[EventRounds "9"]
[EventCountry "CZE"]
[SourceTitle "EXT 2015"]
[Source "ChessBase"]
[SourceDate "2014.11.20"]
[SourceVersion "1"]
[SourceVersionDate "2014.11.20"]
[SourceQuality "1"]

1. d4 f5 2. f4 Nf6 3. Nf3 g6 4. e3 Bg7 5. b3 0-0 6. Bb2 d6 7. Bd3 h6 8. 0-0 Be6 9. Nbd2 Bf7 10. Qe2 Nc6 11. a3 Nd7 12. Rad1 a6 13. Rfe1 e5 14. dxe5 dxe5 15. fxe5 Ndxe5 16. Nxe5 Nxe5 17. Bxe5 Bxe5 18. Nc4 Bc3 19. Rf1 Qe7 20. Qf3 b5 21. Nd2 Qxa3 22. e4 Qb4 23. Nb1 Bd4+ 24. Kh1 Be6 25. exf5 gxf5 26. Qg3+ Bg7 27. Qxc7 Qg4 28. Qf4 Qxf4 29. Rxf4 Rae8 30. Rdf1 Be5 31. Rh4 Kg7 32. Nd2 Bc3 33. Nf3 Bd5 34. Rf4 Be4 35. Nh4 Bd2 36. Nxf5+ Bxf5 37. Rxf5 Rxf5 38. Rxf5 Re1+ 39. Bf1 Kg6 40. Rf3 Rc1 41. g3 Rxc2 42. Bd3+ 1-0

[Event "Myrhorod op"]
[Site "Myrhorod"]
[Date "2010.07.13"]
[Round "7"]
[White "Meyer, Anton"]
[Black "Anatskiy, Alexey"]
[Result "1/2-1/2"]
[WhiteElo "2137"]
[BlackElo "1981"]
[PlyCount "106"]
[EventDate "2010.07.09"]
[EventType "swiss"]
[EventRounds "9"]
[EventCountry "UKR"]
[SourceTitle "CBM 137 Extra"]
[Source "ChessBase"]
[SourceDate "2010.09.01"]
[SourceVersion "1"]
[SourceVersionDate "2010.09.01"]
[SourceQuality "1"]

1. d4 d5 2. c4 c6 3. Nf3 Nf6 4. Nc3 e6 5. Bg5 Be7 6. e3 b6 7. Rc1 Bb7 8. cxd5 exd5 9. Bd3 Nbd7 10. 0-0 0-0 11. a3 Ne4 12. Bf4 Ndf6 13. b4 Nd6 14. Qb3 b5 15. Bxd6 Bxd6 16. e4 dxe4 17. Nxe4 Bf4 18. Rc2 Nxe4 19. Bxe4 Qf6 20. Rc5 g6 21. Qc2 Rac8 22. Ne5 Rfe8 23. Bxc6 Bxc6 24. Nxc6 Rc7 25. d5 a6 26. Rd1 Bd6 27. Rc3 Qh4 28. g3 Qg4 29. Qd3 h5 30. Qd4 Qg5 31. Re3 Rxe3 32. Qxe3 Qxe3 33. fxe3 f5 34. Kf2 Kf7 35. Kf3 Rc8 36. Ra1 h4 37. a4 hxg3 38. hxg3 g5 39. axb5 g4+ 40. Kg2 axb5 41. Ra7+ Kf6 42. Ra6 Kg5 43. Ra5 Re8 44. Kf2 Rh8 45. Rxb5 Rh2+ 46. Kg1 Re2 47. Nd4 Rxe3 48. Rb6 Bxg3 49. Ne6+ Kh4 50. Ng7 Re1+ 51. Kg2 Re2+ 52. Kf1 Re1+ 53. Kg2 Re2+ 1/2-1/2

[Event "Kiev-ch"]
[Site "Kiev"]
[Date "2010.03.09"]
[Round "4"]
[White "Shapovalov, Andrey"]
[Black "Anatskiy, Alexey"]
[Result "1-0"]
[WhiteElo "2144"]
[BlackElo "2003"]
[PlyCount "81"]
[EventDate "2010.03.04"]
[EventType "swiss"]
[EventRounds "9"]
[EventCountry "UKR"]
[SourceTitle "CBM 135 Extra"]
[Source "ChessBase"]
[SourceDate "2010.05.04"]
[SourceVersion "1"]
[SourceVersionDate "2010.05.04"]
[SourceQuality "1"]

1. d4 Nf6 2. c4 c5 3. d5 d6 4. Nc3 g6 5. e4 Bg7 6. Be2 0-0 7. h3 e6 8. Nf3 exd5 9. cxd5 Re8 10. Nd2 a6 11. a4 Qc7 12. 0-0 Nbd7 13. Qc2 b6 14. Ra3 Nf8 15. Nc4 N6d7 16. f4 f6 17. Bf3 Rb8 18. Rb3 Kh8 19. Bd2 Re7 20. Kh1 Bb7 21. Be1 Rbe8 22. Bh4 Rf7 23. Bg3 f5 24. Rd1 Bc8 25. Rc1 b5 26. axb5 Nb6 27. Nxb6 Qxb6 28. Ra1 c4 29. Rb4 Qc5 30. Qa4 Bxc3 31. Rxc4 Qxb5 32. bxc3 fxe4 33. Rxe4 Rxe4 34. Qxe4 Bf5 35. Qd4+ Kg8 36. c4 Qb4 37. Be1 Qb3 38. Bc3 Re7 39. Rxa6 Qb1+ 40. Kh2 Qb7 41. Rxd6 1-0

[Event "Kiev Independence Cup-A 9th"]
[Site "Kiev"]
[Date "2009.08.19"]
[Round "7"]
[White "Chubar, Vladimir"]
[Black "Anatskiy, Alexey"]
[Result "1-0"]
[WhiteElo "2162"]
[BlackElo "2081"]
[PlyCount "65"]
[EventDate "2009.08.13"]
[EventType "swiss"]
[EventRounds "11"]
[EventCountry "UKR"]
[SourceTitle "CBM 131 Extra"]
[Source "ChessBase"]
[SourceDate "2009.09.03"]
[SourceVersion "2"]
[SourceVersionDate "2009.09.16"]
[SourceQuality "1"]

1. d4 d5 2. Nf3 c6 3. Bf4 Bf5 4. e3 e6 5. Bd3 Bg6 6. h4 Bd6 7. Ne5 Bxd3 8. cxd3 h5 9. Nd2 Ne7 10. Qb3 b6 11. g3 Qc7 12. Rc1 Nd7 13. Ndf3 f6 14. Nxd7 Qxd7 15. Qa4 Kf7 16. 0-0 Rhc8 17. Bxd6 Qxd6 18. e4 c5 19. Rfe1 Qc6 20. Qd1 g6 21. Qd2 Kg7 22. e5 f5 23. dxc5 bxc5 24. Nd4 Qb6 25. Qg5 Ng8 26. Ne2 Qd8 27. Nf4 Qe8 28. Nxh5+ Kh7 29. Nf6+ Nxf6 30. exf6 Rab8 31. h5 Rb6 32. Kg2 Kg8 33. hxg6 1-0

[Event "Kiev-ch"]
[Site "Kiev"]
[Date "2009.01.25"]
[Round "7"]
[White "Vorontsov, Pavlo"]
[Black "Anatskiy, Alexey"]
[Result "1/2-1/2"]
[WhiteElo "1887"]
[BlackElo "2124"]
[PlyCount "89"]
[EventDate "2009.01.17"]
[EventType "swiss"]
[EventRounds "11"]
[EventCountry "UKR"]
[SourceTitle "CBM 128 Extra"]
[Source "ChessBase"]
[SourceDate "2009.03.05"]
[SourceVersion "2"]
[SourceVersionDate "2009.03.25"]
[SourceQuality "1"]

1. e4 c6 2. d4 d5 3. e5 Bf5 4. Be3 e6 5. Nd2 Nd7 6. Ngf3 Qc7 7. c4 dxc4 8. Bxc4 Bb4 9. 0-0 Ne7 10. a3 Bxd2 11. Qxd2 Nb6 12. Be2 Bg4 13. Ng5 Bxe2 14. Qxe2 h5 15. Rfd1 Nf5 16. Ne4 Nd5 17. Rac1 Rd8 18. b4 a6 19. Rc5 Qd7 20. Rc2 Nde7 21. Nc5 Qc8 22. a4 b5 23. axb5 axb5 24. Qd2 Nd5 25. Ne4 Nb6 26. Qe2 Qd7 27. h3 Nc4 28. Ra2 Qd5 29. Nc3 Qd7 30. Ne4 Qd5 31. Nc3 Qd7 32. Qf3 0-0 33. Ra6 Ra8 34. Qxc6 Qxc6 35. Rxc6 Nfxe3 36. fxe3 Nxe3 37. Rc1 Rfd8 38. Nxb5 Nd5 39. Nc7 Nxc7 40. Rxc7 Rxd4 41. Rf1 Rf8 42. Rb1 Rfd8 43. Rf1 Rf8 44. b5 Rb4 45. Rb7 1/2-1/2